000
00334nam a2200133Ia 4500
003
PILC
008
220421s2005 xx 000 0 und d
040
_c
EARIST LIBRARY
100
_a
Gupit, Dr. Fortunato Jr.
_9
378
245
0
_a
Elements of Public Speaking /
260
_a
Manila,
_b
Rex :
_c
2005.
999
_c
1689
_d
1689
942
_2
ddc
_c
BK